书目信息 |
| 题名: |
山海关之战
|
|
| 作者: | 袁伟 主编 ;方明 编写 | |
| 分册: | ||
| 出版信息: | 北京 军事科学出版社 1988 |
|
| 页数: | 235页 | |
| 开本: | 20cm | |
| 丛书名: | ||
| 单 册: | ||
| 中图分类: | K266.06 | |
| 科图分类: | ||
| 主题词: | 革命回忆录--中国 , 冀热辽兵团--山海关--史料 | |
| 电子资源: | ||
| ISBN: | 7-80021-147-9 | |
| 000 | 00845nam0 2200253 45 | |
| 001 | 0189017516 | |
| 005 | 20060425163039.87 | |
| 010 | @a7-80021-147-9@dCNY3.65 | |
| 020 | @aCN@b89017516 | |
| 100 | @a19910513d1988 m y0chiy0120 ea | |
| 101 | 0 | @achi |
| 102 | @aCN@b110000 | |
| 105 | @ac z 000zc | |
| 200 | 10 | @a山海关之战@Ashan hai guan zhi zhan@f袁伟主编@Fyuan wei zhu bian@g方明等编写@Gfang ming deng bian xie |
| 210 | @a北京@c军事科学出版社@d1988 | |
| 215 | @a235页@c照片@d20cm | |
| 330 | @a本书是李运昌等19位当年山海关之战的指挥员,根据自己的亲身经历,撰写了回忆和研究文章,总结了历史经验。书后附山海关史料两篇。 | |
| 606 | @a革命回忆录@y中国 | |
| 606 | @a冀热辽兵团@y山海关@x史料 | |
| 690 | @aK266.06@v3 | |
| 701 | 0 | @a袁伟@Ayuan wei@4主编 |
| 702 | 0 | @a方明@Afang ming@4编写 |
| 801 | 0 | @aCN@bNLC@c20060425 |
| 905 | @dK266.06@e32 | |
| 山海关之战/袁伟主编/方明等编写.-北京:军事科学出版社,1988 |
| 235页:照片;20cm |
| ISBN 7-80021-147-9:CNY3.65 |
| 本书是李运昌等19位当年山海关之战的指挥员,根据自己的亲身经历,撰写了回忆和研究文章,总结了历史经验。书后附山海关史料两篇。 |
| ● |
| 相关链接 |
|
|
|
|
正题名:山海关之战
索取号:K266.06/32
 
预约/预借
| 序号 | 登录号 | 条形码 | 馆藏地/架位号 | 状态 | 备注 |
| 1 | 0249572 | 000353423 | 密集书库/ [索取号:K266.06/32] | 在馆 | |
| 2 | 0249573 | 000353432 | 密集书库/ [索取号:K266.06/32] | 在馆 | |
| 3 | 0249574 | 202261024 | 密集书库/ [索取号:K266.06/32] | 在馆 | |
| 4 | 0249575 | 000355001 | 第二借阅区/ [索取号:K266.06/32] | 在馆 | |
| 5 | 0249576 | 000353414 | 第二样本阅览室/ [索取号:K266.06/32] | 在馆 |